Data analysis using SPSS / (Record no. 16738)
[ view plain ]
| 000 -LEADER | |
|---|---|
| fixed length control field | 02236cam a22002895i 4500 |
| 001 - CONTROL NUMBER | |
| control field | 21604394 |
| 005 - DATE AND TIME OF LATEST TRANSACTION | |
| control field | 20241217085738.0 |
| 008 - FIXED-LENGTH DATA ELEMENTS--GENERAL INFORMATION | |
| fixed length control field | 200709s2020 cau 000 0 eng |
| 010 ## - LIBRARY OF CONGRESS CONTROL NUMBER | |
| LC control number | 2020941894 |
| 020 ## - INTERNATIONAL STANDARD BOOK NUMBER | |
| International Standard Book Number | 9789353883287 |
| 020 ## - INTERNATIONAL STANDARD BOOK NUMBER | |
| Canceled/invalid ISBN | 9789353883294 |
| 020 ## - INTERNATIONAL STANDARD BOOK NUMBER | |
| Canceled/invalid ISBN | 9789353883300 |
| 040 ## - CATALOGING SOURCE | |
| Original cataloging agency | DLC |
| Language of cataloging | eng |
| Description conventions | rda |
| Transcribing agency | DLC |
| 042 ## - AUTHENTICATION CODE | |
| Authentication code | pcc |
| 082 ## - DEWEY DECIMAL CLASSIFICATION NUMBER | |
| Classification number | DC 519.5028 J313 2020 |
| 100 1# - MAIN ENTRY--PERSONAL NAME | |
| Personal name | Jasrai, Lokesh, |
| Relator term | author. |
| 9 (RLIN) | 44757 |
| 245 10 - TITLE STATEMENT | |
| Title | Data analysis using SPSS / |
| Statement of responsibility, etc. | Lokesh Jasrai. |
| 260 ## - PUBLICATION, DISTRIBUTION, ETC. (IMPRINT) | |
| Place of publication, distribution, etc. | India : |
| Name of publisher, distributor, etc. | SAGE , |
| Date of publication, distribution, etc. | ©2020. |
| 263 ## - PROJECTED PUBLICATION DATE | |
| Projected publication date | 2009 |
| 300 ## - PHYSICAL DESCRIPTION | |
| Extent | xvii, 401 pages : |
| Other physical details | illustrations ; |
| Dimensions | 24 cm. |
| 500 ## - GENERAL NOTE | |
| General note | Includes appendix and index. |
| 520 ## - SUMMARY, ETC. | |
| Summary, etc. | "A concise introduction to data analysis for beginners and intermediate students using IBM Statistical Package for Social Sciences (SPSS). This textbook elaborates on the basic understanding and application of statistical tests and data analysis using hypothetical datasets and SPSS version 22.0. It enhances self-learning and develops a thorough understanding of the concepts through step-by-step processes, and also includes screen images, dialog boxes and exhibits for better interaction with the software. Spanning across 17 chapters, Data Analysis Using SPSS begins with the stages of data entry, editing and visualization. Further, it takes the readers through descriptive statistics; frequency; univariate, bivariate and regression analysis; cross-tabulation; linear models and non-parametric test procedures. The book will act as a helpful companion to the students of management, humanities and social sciences, and agriculture and life sciences as well as young research scholars. Key Features. Main- and sub-dialog boxes of SPSS containing commands of specific test techniques incorporated in the text for effective interaction with the software. Exercises and practice questions to enhance analytical understanding. Three additional chapters on Means Analysis, One-Way ANOVA, and Probability and Sampling Distribution provided as web supplement for advance reading"-- |
| 650 ## - SUBJECT ADDED ENTRY--TOPICAL TERM | |
| Topical term or geographic name as entry element | Social sciences |
| General subdivision | Statistical methods |
| -- | Computer programs. |
| 9 (RLIN) | 18147 |
| 906 ## - LOCAL DATA ELEMENT F, LDF (RLIN) | |
| a | 0 |
| b | ibc |
| c | orignew |
| d | 2 |
| e | epcn |
| f | 20 |
| g | y-gencatlg |
| 942 ## - ADDED ENTRY ELEMENTS (KOHA) | |
| Source of classification or shelving scheme | Dewey Decimal Classification |
| Koha item type | Circulation |
| Withdrawn status | Lost status | Source of classification or shelving scheme | Damaged status | Not for loan | Collection code | Home library | Current library | Shelving location | Date acquired | Source of acquisition | Cost, normal purchase price | Total Checkouts | Total Renewals | Full call number | Barcode | Date last seen | Date last checked out | Price effective from | Koha item type |
|---|---|---|---|---|---|---|---|---|---|---|---|---|---|---|---|---|---|---|---|
| Dewey Decimal Classification | Circulation | UM Digos College - LIC | UM Digos College - LIC | Book Cart | 02/10/2022 | Purchased | 4500.00 | 12 | 1 | DC 519.5028 J313 2020 | 26562 | 05/15/2025 | 09/23/2024 | 03/16/2022 | Circulation |
